The "World 5" in Blue Lock - Statistiques

Statistiques générales
  • Ce quiz a été pris 60 fois
  • Le résultat moyen est 3 sur 5
Statistiques - réponses
Hint Réponse % Correct
French Julien Loki
98%
Brazilian Dada Silva
74%
English Adam Blake
72%
Spanish Leonardo Luna
63%
Argentinian Pablo Cavasoz
37%
Aucun quiz correspondant
Distribution des résultats
% des personnes avec chaque résultat
Percentile par nombre de réponses
Votre historique - résultats
Vous n’avez pas pris ce quiz